Atomová fyzika a elektronová struktura látek

Saved in:
Bibliographic Details
Main Author Daniš, Stanislav (Author)
Format Book
LanguageCzech
Published Praha : Matfyzpress, nakladatelství Matematicko-fyzikální fakulty Univerzity Karlovy, 2022
EditionVydání druhé
SeriesOdborná edice Matfyzpress
Subjects
Online AccessFull text
ISBN978-80-7378-462-1
Physical Description434 stran : ilustrace ; 24 cm

Cover

LEADER 00000aam a2200000 i 4500
001 115475
003 CZ-ZlUTB
005 20260429082904.0
007 ta
008 230203s2022 xr a e p 001 0 cze
015 |a cnb003499116 
020 |a 978-80-7378-462-1  |q (brožováno) 
040 |a BOA001  |b cze  |d ZLD002  |e rda 
072 7 |a 539  |x Fyzikální stavba hmoty. Jaderná fyzika. Molekulární fyzika  |2 Konspekt  |9 6 
072 7 |a 37.016  |x Učební osnovy. Vyučovací předměty. Učebnice  |2 Konspekt  |9 22 
080 |a 539.18  |2 MRF 
080 |a 539.19  |2 MRF 
080 |a 539.183.3  |2 MRF 
080 |a (075.8)  |2 MRF 
100 1 |a Daniš, Stanislav  |7 xx0051460  |4 aut 
245 1 0 |a Atomová fyzika a elektronová struktura látek /  |c Stanislav Daniš 
250 |a Vydání druhé 
264 1 |a Praha :  |b Matfyzpress, nakladatelství Matematicko-fyzikální fakulty Univerzity Karlovy,  |c 2022 
300 |a 434 stran :  |b ilustrace ;  |c 24 cm 
336 |a text  |b txt  |2 rdacontent 
337 |a bez média  |b n  |2 rdamedia 
338 |a svazek  |b nc  |2 rdacarrier 
490 1 |a Odborná edice Matfyzpress 
500 |a Nad názvem: Matematicko-fyzikální fakulta, Univerzita Karlova 
504 |a Obsahuje bibliografie, bibliografické odkazy a rejstřík 
650 0 7 |a atomová fyzika  |7 ph118658  |2 czenas 
650 0 7 |a molekulární fyzika  |7 ph115345  |2 czenas 
650 0 7 |a elektronová struktura pevných látek  |7 ph265721  |2 czenas 
650 0 9 |a atomic physics  |2 eczenas 
650 0 9 |a molecular physics  |2 eczenas 
650 0 9 |a electronic structure of solids  |2 eczenas 
655 7 |a učebnice vysokých škol  |7 fd133772  |2 czenas 
655 9 |a textbooks (higher)  |2 eczenas 
710 2 |a Matfyzpress - vydavatelství MFF UK  |7 mzk2003185146  |4 pbl 
710 2 |a Univerzita Karlova.  |b Matematicko-fyzikální fakulta  |7 kn20010710349  |4 isb 
830 0 |a Odborná edice Matfyzpress 
856 4 2 |u http://kfes-16.karlov.mff.cuni.cz/~standa/Fyzika_IV/errata_corr2022.pdf 
910 |a ZLD002 
942 |2 udc 
952 |0 0  |1 0  |4 0  |6 539DANIŠS  |7 0  |8 BOOK  |9 190722  |a UTBZL  |b UTBZL  |c 005  |d 2026-04-09  |l 0  |o 539/DANIŠ,S.  |p 420010201945  |r 2026-04-09 14:33:29  |v 515.00  |w 2026-04-09  |x N:nákup  |y 01 
992 |a BK  |b SK 
999 |c 115475  |d 115475